The bishop's palace: architecture and authority in medieval Italy
| Main Author: | |
|---|---|
| Format: | Print Book |
| Language: | English |
| Subito Delivery Service: | Order now. |
| Check availability: | HBZ Gateway |
| WorldCat: | WorldCat |
| Interlibrary Loan: | Interlibrary Loan for the Fachinformationsdienste (Specialized Information Services in Germany) |
| Published: |
Ithaca, NY [u.a.]
Cornell University Press
2000
|
| In: | Year: 2000 |
| Reviews: | The bishop's palace. Architecture and authority in medieval Italy. By Maureen C. Miller. (Conjunctions of Religion and Power in the Medieval Past.) Pp. xvii+307 incl. 98 figs. Ithaca–London: Cornell University Press, 2000. 49·95. 0 8014 3535 8 (2002) (Thompson, Augustine, 1954 -)
|
| Series/Journal: | Conjunctions of religion and power in the medieval past
|
| Standardized Subjects / Keyword chains: | B
Southern Italy (motif)
/ Episcopal Palace
/ History 476-1400
|
| Further subjects: | B
Upper Italy
B Bishops Dwellings Italy B Italy Church history 476-1400 B Palaces Italy |
MARC
| LEADER | 00000cam a2200000 c 4500 | ||
|---|---|---|---|
| 001 | 31226898X | ||
| 003 | DE-627 | ||
| 005 | 20251222215203.0 | ||
| 007 | tu | ||
| 008 | 000411s2000 xxu||||| 00| ||eng c | ||
| 010 | |a 00022380 | ||
| 016 | 7 | |a 0801435358 |2 UK | |
| 020 | |a 0801435358 |c cloth : acid-free paper |9 0-8014-3535-8 | ||
| 020 | |a 0801485398 |c (paper) |9 0-8014-8539-8 | ||
| 024 | 3 | |a 9780801435355 | |
| 024 | 8 | |a 100-022380 |q Identnummer | |
| 035 | |a (DE-627)31226898X | ||
| 035 | |a (DE-576)084153784 | ||
| 035 | |a (DE-599)GBV31226898X | ||
| 035 | |a (OCoLC)247424102 | ||
| 035 | |a (OCoLC)43520888 | ||
| 035 | |a (OCoLC)247424102 | ||
| 040 | |a DE-627 |b ger |c DE-627 |e rakwb | ||
| 041 | |a eng | ||
| 044 | |c XD-US |c XA-GB | ||
| 050 | 0 | |a BR874 | |
| 050 | 0 | |a BR874.M55 2000 | |
| 082 | 0 | |a 262/.12245/0902 | |
| 082 | 0 | |a 262.122450902 | |
| 084 | |a 9,10 |a 1 |2 ssgn | ||
| 084 | |a LN 79600 |q OBV |2 rvk |0 (DE-625)rvk/102223:154 | ||
| 084 | |a LN 79802 |2 rvk |0 (DE-625)rvk/102236:156 | ||
| 084 | |a 21.70 |2 bkl | ||
| 100 | 1 | |0 (DE-588)132878437 |0 (DE-627)527885606 |0 (DE-576)299476227 |4 aut |a Miller, Maureen C. |d 1959- | |
| 109 | |a Miller, Maureen C. 1959- |a Miller, Maureen Catherine 1959- |a Miller, Maureen G. 1959- | ||
| 245 | 1 | 4 | |a The bishop's palace |b architecture and authority in medieval Italy |c Maureen C. Miller |
| 264 | 1 | |a Ithaca, NY [u.a.] |b Cornell University Press |c 2000 | |
| 300 | |a XV, 307 S |b Ill., graph. Darst |c 26 cm | ||
| 336 | |a Text |b txt |2 rdacontent | ||
| 337 | |a ohne Hilfsmittel zu benutzen |b n |2 rdamedia | ||
| 338 | |a Band |b nc |2 rdacarrier | ||
| 490 | 0 | |a Conjunctions of religion and power in the medieval past | |
| 500 | |a Literaturangaben. - Bibliogr. S. [277]-301 and index | ||
| 583 | 1 | |a Archivierung/Langzeitarchivierung gewährleistet |f SSG |x XA-DE-BW |2 pdager |5 DE-16 | |
| 650 | 0 | |a Bishops |x Dwellings |x Italy | |
| 650 | 0 | |a Palaces |x Italy | |
| 651 | 0 | |a Italy |x Church history |x 476-1400 | |
| 651 | 7 | |0 (DE-588)4042547-2 |0 (DE-627)104400757 |0 (DE-576)209051167 |a Oberitalien |2 gnd | |
| 689 | 0 | 0 | |d g |0 (DE-588)4027833-5 |0 (DE-627)106283235 |0 (DE-576)208972501 |2 gnd |a Italien |
| 689 | 0 | 1 | |d s |0 (DE-588)4424386-8 |0 (DE-627)215822811 |0 (DE-576)212301446 |2 gnd |a Bischofspfalz |
| 689 | 0 | 2 | |q z |2 gnd |a Geschichte 476-1400 |
| 689 | 0 | |5 (DE-627) | |
| 787 | 0 | 8 | |i Rezensiert in |a Thompson, Augustine, 1954 - |t The bishop's palace. Architecture and authority in medieval Italy. By Maureen C. Miller. (Conjunctions of Religion and Power in the Medieval Past.) Pp. xvii+307 incl. 98 figs. Ithaca–London: Cornell University Press, 2000. 49·95. 0 8014 3535 8 |d 2002 |w (DE-627)1784685828 |
| 935 | |a mteo | ||
| 935 | |i Blocktest | ||
| 936 | r | v | |a LN 79600 |b allgemein |k Kunstgeschichte |k Kunst nach Ländern bzw. Kontinenten |k Italien |k Italienische Kunstgeschichte nach Gattungen |k Architektur |k Ordnung nach Aufgaben |k Sakrale Architektur |k Sakrale Architektur |k allgemein |0 (DE-627)1271158965 |0 (DE-625)rvk/102223:154 |0 (DE-576)201158965 |
| 936 | r | v | |a LN 79802 |b Mittelalter (-1500) |k Kunstgeschichte |k Kunst nach Ländern bzw. Kontinenten |k Italien |k Italienische Kunstgeschichte nach Gattungen |k Architektur |k Ordnung nach Aufgaben |k Wohnbauten (Residenz, Palast, Schloss, Villa, Wohnhaus) |k Mittelalter (-1500) |0 (DE-627)1272148084 |0 (DE-625)rvk/102236:156 |0 (DE-576)202148084 |
| 936 | b | k | |a 21.70 |j Geschichte der Sakralbaukunst |0 (DE-627)106421255 |
| 951 | |a BO | ||
| ELC | |b 1 | ||
| ITA | |a 1 | ||
| LOK | |0 000 xxxxxcx a22 zn 4500 | ||
| LOK | |0 001 3145964046 | ||
| LOK | |0 003 DE-627 | ||
| LOK | |0 004 31226898X | ||
| LOK | |0 005 20100408181826 | ||
| LOK | |0 008 041202||||||||||||||||ger||||||| | ||
| LOK | |0 040 |a DE-21-35 |c DE-627 |d DE-21-35 | ||
| LOK | |0 541 |e 04/1051 | ||
| LOK | |0 852 |a DE-21-35 | ||
| LOK | |0 852 1 |c Kk 13.21 |m p |9 00 | ||
| LOK | |0 938 |k p | ||
| LOK | |0 938 |l K6 |8 0 | ||
| LOK | |0 939 |a 02-12-04 |b l01 | ||
| ORI | |a SA-MARC-ixtheoa001.raw | ||
| STA | 0 | 0 | |a Episcopal Palace,Bishop's palace,Southern Italy (motif),Italy,Italy,Italy,Italy,Lower Italy,Mezzogiorno,Southern Italy,Northwestern Italy,Upper Italy,Italy,Northern Italy |
| STB | 0 | 0 | |a Palais épiscopal,Sud de l'Italie (motif),Italie |
| STC | 0 | 0 | |a Italia,Palacio episcopal |
| STD | 0 | 0 | |a Italia,Residenza vescovile |
| STE | 0 | 0 | |a 主教宫殿 |
| STF | 0 | 0 | |a 主教宮殿 |
| STG | 0 | 0 | |a Itália,Palácio episcopal |
| STH | 0 | 0 | |a Епископский дворец,Италия (мотив) |
| STI | 0 | 0 | |a Επισκοπικό Παλάτι,Ιταλία (μοτίβο) |
| SYF | 0 | 0 | |a Italien,Nord,Norditalien |
| SYG | 0 | 0 | |a Italy , Italia,Königreich Italien,Repubblica Italiana,Italiya Respublikasi,Italijos Respublika,Olaszorszaǵ,Olasz Koz̈taŕsasaǵ,Regno d'Italia,Italienische Republik,République Italienne,Yidali-gongheguo,Italy , Bischofspalast |
| TIM | |a 100004760101_100014001231 |b Geschichte 476-1400 | ||